Music Quiz

Random Music or Album Quiz

Debut Albums of the 1990s Quiz Stats

Quiz Updated Sep 4, 2016

Challenge
Share
Tweet
Score 0/24 Timer 08:00
1 Play Today
% Correct
Britney Spears (...Baby One More Time)
90.8%
NSYNC (NSYNC)
86.2%
Mariah Carey (Mariah Carey)
83.2%
Missy Elliott (Supa Dupa Fly)
82.3%
Destiny's Child (Destiny's Child)
79.9%
Dr. Dre (The Chronic)
76%
Weezer (Weezer - The Blue Album)
75.1%
The White Stripes (The White Stripes)
73.8%
Björk (Debut)
72.1%
Christina Aguilera (Christina Aguilera)
70%
Lauryn Hill (The Miseducation of Lauryn Hill)
68.9%
Oasis (Definitely Maybe)
63.6%
% Correct
2Pac (2Pacalypse Now)
62.3%
Pearl Jam (Ten)
49.5%
The Notorious B.I.G. (Ready to Die)
45.2%
Radiohead (Pablo Honey)
45.2%
Jeff Buckley (Grace)
43.5%
Jay-Z (Reasonable Doubt)
40.5%
Counting Crows (August and Everything After)
40.1%
Nas (Illmatic)
39.4%
Fiona Apple (Tidal)
36.6%
Mary J. Blige (What's the 411?)
32.6%
Mos Def (Black on Both Sides)
30.1%
Portishead (Dummy)
23.9%

You're not logged in!

Compare scores with friends on all Sporcle quizzes.
Join for Free
OR
Log In

You Might Also Like...

Show Comments

Extras

Top Quizzes Today


Score Distribution

Your Account Isn't Verified!

In order to create a playlist on Sporcle, you need to verify the email address you used during registration. Go to your Sporcle Settings to finish the process.

Report this User

Report this user for behavior that violates our Community Guidelines.

Details: